Personajes de One Piece - Estadísticas

Estadísticas generales
  • Esta prueba ha sido intentada 257 veces
  • La puntuación promedio es 37 de 62
Estadísticas de respuestas
Personajes % Correcto
Roronoa Zoro
100%
Monkey D. Luffy
99%
Nami
99%
Nico Robin
98%
Sanji
98%
Chopper
97%
Usopp
97%
Franky
96%
Charlotte Linlin
95%
Shanks
95%
Brook
93%
Buggy
92%
Jinbe
91%
Trafalgar D. Water Law
91%
Kaidou
90%
Marshall D. Teach
89%
Borsalino
85%
Eustass Kid
85%
Sakazuki
85%
Edward Newgate
84%
Dracule Mihawk
82%
Donquixote Doflamingo
81%
Gecko Moria
80%
Bartholomew Kuma
78%
Kuzan
78%
Boa Hancock
77%
Crocodile
76%
Bartolomeo
74%
Rob Lucci
72%
Issho
65%
Jewelry Bonney
63%
Kaku
63%
Killer
58%
Cavendish
56%
Sengoku
56%
Basil Hawkins
53%
Scratchmen Apoo
52%
X Drake
51%
Capone Bege
49%
Urouge
47%
Leo
46%
Kalifa
40%
Aramaki
38%
Edward Weevil
38%
Hajrudin
34%
Stussy
34%
Blueno
33%
Jabra
32%
Sai
29%
Kong
27%
Ideo
26%
Orlumbus
23%
Spandam
23%
Kumadori
18%
Fukurou
13%
Hanafuda
13%
Guernika
9%
Hattori
8%
Maha
7%
Funkfreed
6%
Gismonda
4%
Joseph
4%
No se encontraron pruebas coincidentes
Distribución de puntuación
Porcentaje de gente con cada puntuación
Porcentaje por número respondido
Historial de tus puntuaciones
No has intentado esta prueba.